| 000 | 00460nam a22001817a 4500 | ||
|---|---|---|---|
| 003 | OSt | ||
| 008 | 250227b |||||||| |||| 00| 0 eng d | ||
| 020 | _a97893950039710 | ||
| 082 | _a615.1068 BHP | ||
| 100 | _aBhavna Kumar | ||
| 245 | _aPharmaceutical Marketing Managment | ||
| 260 |
_aHyderabad _bPharmamed Press _c2024 |
||
| 300 | _a201 | ||
| 650 | _aPharmaceutical marketing | ||
| 700 | _aOjha, Abhijeet | ||
| 700 | _aNautiyal, Anuj | ||
| 942 |
_2ddc _cBK |
||
| 999 |
_c13167 _d13167 |
||